Normal view
MARC view
Entry Personal Name
001 - CONTROL NUMBER
- control field: 12125
003 - CONTROL NUMBER IDENTIFIER
- control field: OSt
005 - DATE AND TIME OF LATEST TRANSACTION
- control field: 20170509134937.0
008 - FIXED-LENGTH DATA ELEMENTS
- fixed length control field: 170509|| aca||aabn | a|a d
040 ## - CATALOGING SOURCE
- Original cataloging agency: OSt
- Transcribing agency: OSt
100 ## - HEADING--PERSONAL NAME
- Personal name: Ambjorn,Jan;Durhuus,Bergfinnur;Jonsson,Thordur;
670 ## - SOURCE DATA FOUND
- Source citation: Work cat.: (OSt): Ambjorn,Jan;Durhuus,Bergfinnur;Jonsson,Thordur;, Quantum Geometry :A statistical field theory approach.
